Statystyki dla Jak dobrze znasz piosenkę "Małgośka" Maryli Rodowicz?

Kliknij tutaj aby rozwiązać quiz!

Ogólne statystyki

  • Ten quiz został rozwiązany 38 razy
  • Średni wynik to 23 z 30

Statystyki odpowiedzi

TekstBrakujące słowo% Poprawnych
Pachniała Saska ...Kępa
100%
On nie wart jednej ...łzy
100%
... mówią miMałgośka
100%
On nie jest ... jednej łzywart
100%
To był ...maj
97%
I noc się ... dniemstawała
97%
Już zapisani byliśmy w ...urzędzie
97%
Nie wiedziałam co ze mną ...będzie
94%
Hej głupia ty, ... tygłupia
94%
A z niego sobie kpij, a z niego ... sobie kpijkpij
94%
Jak wróci powiedz nie, niech idzie tam ... chcegdzie
91%
Gotowa była ta ...sukienka
88%
Szalonym ... bzemzielonym
85%
Małgośka tańcz i ...pij
82%
Gdy ... dziewczynętamtą
82%
Białe koszule na ... schłysznurze
79%
Pod rękę ... z nimujrzałam
74%
... mnie czy jestem z kimPytają
68%
Gdy zajrzę do ...sąsiada
68%
... jużJesień
65%
Małgośka kochaj nas, na ... przyjdzie czassmutki
65%
Idą ...święta
65%
A ... tej młodejsuknia
62%
Może rosną im już ...pisklęta
59%
I pachnie zielony ...dym
53%
Widziałam biały ...ślub
53%
... jest z moich snówUszyta
53%
Nie słyszałam z daleka ...słów
47%
... raz, zatańcz razZaśpiewaj
47%
Już palą ... w sadachchwasty
44%

Rozkład punktacji

Percentyl według liczby udzielonych odpowiedzi

Procent ludzi z każdym wynikiem

Twoja historia wyników

Nie rozwiązałeś tego quizu